Flags of countries of the world #2 - Statistics

General Stats
  • This quiz has been taken 49 times
  • The average score is 16 of 18
Answer Stats
Picture Answer % Correct
China
97%
Finland
97%
Greece
97%
Iceland
97%
Norway
97%
Sweden
97%
Albania
94%
Cyprus
94%
Denmark
94%
Georgia
90%
Kosovo
87%
Malta
87%
Vietnam
87%
Dominican Republic
81%
Cameroon
74%
Myanmar
68%
Tonga
65%
Burkina Faso
58%
No matching quizzes found
Score Distribution
Percent of People with Each Score
Percentile by Number Answered
Your Score History
You have not taken this quiz